000 01354 a2200277 4500
005 20260313103012.0
020 _a9780639012186
050 _aHF5667
_bCOE 2023
100 _aCoetzee, G. P.
_eauthor
245 _aAssurance :
_ban audit perspective /
_cG.P. Coetzee, R. du Bruyn, F. Fourie, K. Plant, J. Olivier and A. Adams
250 _aRevised First edition
264 _aJohannesburg :
_bLexisNexis,
_c2023
300 _ax, 392 pages ;
_billustrations
336 _2rdacontent
_atext
_btxt
337 _2rdamedia
_aunmediated
_bn
338 _2rdacarrier
_avolume
_bnc
505 _aSustainability Governance Enterprise risk management Organisational ethics Public sector Fraud Information technology: Trending technologies Information technology: Tools for assurance providers Analytical analysis Managing the internal audit activity Other types of engagements
520 _aThis book is focused on a broader approach for all assurance providers (including both internal and external auditors) and addresses various advanced concepts that assurance providers need an understanding of
650 _aAuditing
700 _aBruyn, R du
_eauthor
700 _aFourie, H
_eauthor
700 _aPlant, K.
_eauthor
700 _aOlivier, J.
_eauthor
700 _aAdams, A.
_eauthor
942 _2lcc
_cBK
_eRevised First edition
_h5667
_iCOE
_kHF
999 _c11701
_d11701